000 00796cam a2200289 4500500
005 20260405003520.0
041 _afre
042 _adc
100 1 0 _aPépin, Charles
_eauthor
245 0 0 _a“Peut-on dire de notre passé que c’est ‘du passé’ ?”
260 _c2022.
500 _a36
690 _aAffect
690 _aAvenir
690 _aBergson
690 _aCharles Pépin
690 _aConservatisme
690 _aMémoire
690 _aModernité
690 _aPardon
690 _aPassé
690 _aPierre Hadot
690 _aPrésent
690 _aTemps
786 0 _nPhilosophie magazine | 160 | 6 | 2022-06-01 | p. 3-3 | 1951-1787
856 4 1 _uhttps://shs.cairn.info/magazine-philosophie-magazine-2022-6-page-3?lang=fr&redirect-ssocas=7080
999 _c2068266
_d2068266